[Event "ROM-ch U08"]
[Site "Calimanesti Caciulata"]
[Date "2019.04.20"]
[Round "7"]
[White "Constantinescu, Tudor Ioan"]
[Black "Bostaca, Ianis Gabriel"]
[Result "1-0"]
[WhiteElo "1001"]
[BlackElo "1001"]
[PlyCount "33"]
[EventDate "2019.04.15"]
[EventType "swiss"]
[EventRounds "9"]
[EventCountry "ROU"]
[SourceTitle "CBM 190 Extra"]
[Source "ChessBase"]
[SourceDate "2019.07.15"]
[SourceVersion "1"]
[SourceVersionDate "2019.07.15"]
[SourceQuality "1"]

1. e4 e5 2. Nf3 Nc6 3. Bc4 Bc5 4. 0-0 Nf6 5. c3 Nxe4 6. d3 Nf6 7. d4 exd4 8. cxd4 Be7 9. Ng5 0-0 10. Nd2 d5 11. Bd3 Nxd4 12. Qa4 c5 13. Ndf3 Nxf3+ 14. gxf3 Qd7 15. Qc2 c4 16. Bxh7+ Nxh7 17. Qxh7# 1-0

[Event "ROM-ch U08"]
[Site "Calimanesti Caciulata"]
[Date "2019.04.19"]
[Round "6"]
[White "Bostaca, Ianis Gabriel"]
[Black "Badea, Andrei Mihai"]
[Result "0-1"]
[WhiteElo "1001"]
[BlackElo "1054"]
[PlyCount "88"]
[EventDate "2019.04.15"]
[EventType "swiss"]
[EventRounds "9"]
[EventCountry "ROU"]
[SourceTitle "CBM 190 Extra"]
[Source "ChessBase"]
[SourceDate "2019.07.15"]
[SourceVersion "1"]
[SourceVersionDate "2019.07.15"]
[SourceQuality "1"]

1. e4 c5 2. Nf3 e6 3. Nc3 a6 4. Bc4 b5 5. Be2 Bb7 6. d3 d6 7. Bf4 Qc7 8. 0-0 Nf6 9. h3 Be7 10. a3 Nbd7 11. a4 b4 12. Nb1 0-0 13. c3 bxc3 14. Nxc3 e5 15. Bg5 h6 16. Bxf6 Nxf6 17. Qb3 Bc6 18. Nd5 Nxd5 19. exd5 Qb7 20. Qxb7 Bxb7 21. Rac1 Bxd5 22. Rfd1 Rab8 23. Rd2 Bxf3 24. Bxf3 Bg5 25. Rcd1 Bxd2 26. Rxd2 Rb4 27. Bc6 Rc8 28. Bd7 Rc7 29. Be8 Rb8 30. Bb5 axb5 31. axb5 Rxb5 32. g4 Rcb7 33. f3 Rxb2 34. Rxb2 Rxb2 35. Kf1 d5 36. Ke1 c4 37. dxc4 dxc4 38. Kd1 c3 39. Kc1 Rh2 40. Kd1 c2+ 41. Kc1 Rxh3 42. Kxc2 Rxf3 43. Kd2 e4 44. Ke2 g6 0-1